Statistics for Countries that Beat Kazakhstan

Click here to take the quiz!

General Stats

  • This quiz has been taken 2,479 times
  • The average score is 11 of 15

Answer Stats

RankCategoryCountries% Correct
9Largest by land areaRussia, Canada, China...
100%
6Longest total land bordersChina, Russia, Brazil...
97%
13Oil production per capitaKuwait, Qatar, United Arab Emirates...
96%
11Lowest population densityMongolia, Namibia, Australia...
96%
4Most Russian speakersRussia, Ukraine, Belarus
93%
6Most grasslandAustralia, Russia, China...
91%
9Most Olympic boxing gold medalsUnited States, Cuba, United Kingdom...
82%
2Coldest capital cityMongolia
77%
7Most snow leopardsIndia, Kyrgyzstan, Nepal...
75%
7Lowest pointIsrael, Jordan, Syria...
71%
9Most bauxite producedAustralia, China, Guinea...
60%
2Most horse meat producedChina
56%
9Milk consumption per capitaFinland, Montenegro, Netherlands...
50%
2Most uranium reservesAustralia
34%
7Highest literacy rateNorth Korea, Ukraine, Uzbekistan...
33%

Score Distribution

Percentile by Number Answered

Percent of People with Each Score

Your Score History

You have not taken this quiz